|
|
|
|
| LEADER |
00000nam a2200000 a 4500 |
| 001 |
UCR6774 |
| 003 |
CL-VaPUC |
| 008 |
980423e19690000AG |||||||||||||||||spa|d |
| 082 |
0 |
4 |
|a 658.8
|b LAN
|2 21
|
| 100 |
0 |
|
|a Langhoff, Peter
|e author
|9 407856
|
| 245 |
1 |
0 |
|a Comercialización: métodos y modelos
|
| 300 |
|
|
|a 288 p
|
| 942 |
|
|
|c BK
|
| 945 |
|
|
|d 19980423 00:00:00
|a crobeson
|
| 260 |
|
|
|a Buenos Aires
|b el Ateneo
|c 1969
|
| 650 |
|
0 |
|a Comercialización
|9 259326
|
| 650 |
|
0 |
|a Mercado
|9 321497
|
| 650 |
|
0 |
|a Comercio
|9 255341
|
| 650 |
|
0 |
|a Publicidad
|9 314572
|
| 650 |
|
0 |
|a Computadoras
|9 351108
|
| 583 |
|
|
|a last modification
|c 19980423 00:00:00
|k Rodrigo Vera
|
| 999 |
|
|
|c 268682
|d 268680
|
| 952 |
|
|
|0 0
|1 0
|4 0
|6 658_800000000000000_LAN_1969
|7 0
|8 A
|9 301921
|a BIBALI
|b BIBALI
|d 2019-11-20
|i 1988549
|o 658.8 LAN 1969
|p 1988549
|r 2025-01-20
|w 2019-11-20
|y BK
|k ALI
|
| 952 |
|
|
|0 0
|1 0
|4 0
|6 658_800000000000000_LAN_1969
|7 0
|8 A
|9 301922
|a BIBGIM
|b BIBGIM
|d 2019-11-20
|i 1414259
|o 658.8 LAN 1969
|p 1414259
|r 2025-01-15
|w 2019-11-20
|y BK
|k COM
|